| 000 | 00637nam a2200205Ia 4500 | ||
|---|---|---|---|
| 008 | 191130s2007##################000#0#eng## | ||
| 020 | _a9788130705552 (set) ; 8030705354 (v.20) | ||
| 040 |
_aACL _cACL |
||
| 082 | _a294.592 BAS.20 | ||
| 245 |
_aThe sacred books of the Hindus _cedited by B. D. Basu. ; translated by various Sanskirt Scholars |
||
| 260 |
_aNew Delhi _bCosmo Publications _cc2007 |
||
| 300 | _a30 v. ; 23 cm. | ||
| 500 | _aText both in Hindi and English | ||
| 650 | _aHinduism | ||
| 650 | _aReligion | ||
| 700 | _aBasu, B. D | ||
| 990 | _aedfeabfeac10000c124dab8277e1a66c | ||
| 991 | _a251858 | ||
| 999 |
_c418641 _d418641 |
||